| 000 | 01999nam1a2200373 i 4500 | ||
|---|---|---|---|
| 001 | RU\NLR\bibl\1829018 | ||
| 005 | 20260408075721.0 | ||
| 035 | _a(NLR Aleph) 001819532 | ||
| 090 |
_a1985915 _c1985915 |
||
| 100 | _a20111103g20119999u y0rusy50 ca | ||
| 101 | 0 | _arus | |
| 102 | _aRU | ||
| 105 | _a||||j ||||| | ||
| 200 | 1 |
_aЖизненные навыки. Теория и технология развития и диагностики социальных и личностных компетенций учащихся 1- 6-х классов _eучебно-методическое пособие для педагогов-психологов образовательных учреждений _fМ-во образования и науки Моск. обл., Акад. соц. упр. _g[Кривцова С.В. и др.] _gпод ред. С.В. Кривцовой |
|
| 210 |
_aМосква _cАСОУ _d2011 |
||
| 215 | _d21 | ||
| 463 | 0 | _10011825357 | |
| 463 | 0 | _10011825363 | |
| 463 | 0 | _10011824427 | |
| 606 | 1 |
_aШкольники _jУчебно-методические пособия _xПедагогическое изучение _91987317 _3RU\NLR\auth\661197816 |
|
| 606 | 1 |
_aШкольники _jУчебно-методические пособия _xСоциальное воспитание _92067374 _3RU\NLR\auth\661241978 |
|
| 606 |
_aШкольники _jУчебно-методические пособия _xКомпетентность социальная _92589405 _3RU\NLR\auth\661530333 |
||
| 686 | _aЧ421.1я7 | ||
| 686 | _aЧ421.352я7 | ||
| 686 | _aС550.325.2я7 | ||
| 702 | 1 |
_aКривцова _bС. В. _gСветлана Васильевна _4220 |
|
| 712 | 0 | 2 |
_4570 _aАкадемия социального управления _cМосква _3RU\NLR\AUTH\8810080266 _9662663 |
| 801 | 0 |
_aRU _bNLR _c20111103 _gRCR |
|
| 801 | 1 |
_aRU _bNLR _c20111103 |
|
| 852 |
_aNLR _j2011-3/32848 |
||
| 942 | _cBOOK | ||
| 980 | _aNBR | ||